| 000 | 00383cam a2200145ua 4500 | ||
|---|---|---|---|
| 020 | _a9780071102315 | ||
| 082 |
_a576 _bWIL/MI |
||
| 100 | _aWilley, Jaonne M . | ||
| 245 | _aPrescott,Harley and Klein`s microbiology / | ||
| 250 | _a7 / | ||
| 260 |
_aNew York : _bMc Graw hill , _c2008. |
||
| 700 | 1 | _aSherwood, Linda M . | |
| 700 | 1 | _aWoolverton, Christopher J . | |
| 942 | _cBK | ||
| 999 |
_c13110 _d13110 |
||